000 00701nam a22002657a 4500
001 BR6006859
003 BR-BrBNA
005 20230928105558.0
007 ta
008 230509b bl.||||| |||| 00| 0 por d
040 _aBR-BrBNA
_bpor
_cBiblioteca Nacional de Agricultura
041 _a(Por)
072 _aM10
_b8150
090 _ 8150 BR6006859 OBR
100 1 _aCamara, A.A.
245 1 _aPescas e peixes da Bahia
260 3 _aRio de Janeiro, RJ (Brasil):
_bTyp. do Jornal do Commercio, de Rodrigues C.,
_c1911.
300 _a122 p.
500 _aOBRA RARA
650 _aPESCA
650 _aPEIXE MARINHO
650 _aBAHIA
909 _a202309
_bLucia
_c55
_dLucia Elande
942 _cBK
999 _c85727
_d85727